<?xml version="1.0" encoding="UTF-8"?>
<record
    xmlns:xsi="http://www.w3.org/2001/XMLSchema-instance"
    xsi:schemaLocation="http://www.loc.gov/MARC21/slim http://www.loc.gov/standards/marcxml/schema/MARC21slim.xsd"
    xmlns="http://www.loc.gov/MARC21/slim">

  <leader>02906nab a2200229uuc4500</leader>
  <controlfield tag="001">1272752</controlfield>
  <controlfield tag="005">20250305075602.0</controlfield>
  <controlfield tag="008">120216e20110601                    spa  </controlfield>
  <datafield tag="035" ind1=" " ind2=" ">
    <subfield code="a">1272752</subfield>
  </datafield>
  <datafield tag="035" ind1=" " ind2=" ">
    <subfield code="a">(OCoLC)820629122</subfield>
  </datafield>
  <datafield tag="040" ind1=" " ind2=" ">
    <subfield code="c">comduadb</subfield>
  </datafield>
  <datafield tag="041" ind1=" " ind2=" ">
    <subfield code="a">spa</subfield>
  </datafield>
  <datafield tag="100" ind1="1" ind2="0">
    <subfield code="a">Little, Randie R.</subfield>
    <subfield code="4">aut</subfield>
    <subfield code="e">aut</subfield>
    <subfield code="9">632741</subfield>
  </datafield>
  <datafield tag="245" ind1="1" ind2="0">
    <subfield code="a">Estado actual de la medida de hemoglobina A1c y objetivos para su mejora: del caos al orden para mejorar la atenci&#xF3;n de la diabetes</subfield>
  </datafield>
  <datafield tag="520" ind1="3" ind2=" ">
    <subfield code="a">El Estudio de Control y Complicaciones de la Diabetes (DCCT) y el Estudio Prospectivo de Diabetes en el Reino Unido (UKPDS) establecieron la importancia de la hemoglobina A1c (Hb A1c) como un predictor de consecuencias en pacientes con diabetes mellitus. En 1994, la Asociaci&#xF3;n Americana de Diabetes comenz&#xF3; a recomendar metas espec&#xED;ficas para Hb A1c, pero la falta de comparaci&#xF3;n entre los ensayos limit&#xF3; la capacidad de los m&#xE9;dicos para usar estos objetivos. El Programa de Estandarizaci&#xF3;n Nacional de Hemoglobina Glicosilada (NGSP) fue implementado en 1996 para estandarizar los resultados de la Hb A1c seg&#xFA;n los estudios DCCT / UKPDS. El NGSP certifica a los fabricantes de m&#xE9;todos de Hb A1c como trazables al DCCT. Los criterios de certificaci&#xF3;n se han reforzado con el tiempo y el NGSP ha trabajado con el Colegio Americano de Pat&#xF3;logos en establecer requisitos estrictos para la aptitud de los ensayos. Como resultado, la variabilidad de los valores de la Hb A1c entre los laboratorios cl&#xED;nicos se ha reducido considerablemente. La Federaci&#xF3;n Internacional de Qu&#xED;mica Cl&#xED;nica (IFCC) ha desarrollado un sistema de referencia para la Hb A1c , que facilita la trazabilidad de la metrolog&#xED;a a un orden superior. El NGSP mantiene la trazabilidad a la red de la IFCC a trav&#xE9;s de continuas comparaciones de muestras. Ha habido controversias en relaci&#xF3;n a si el informe de los resultados de Hb A1c debe ser en unidades IFCC o NGSP, o una estimaci&#xF3;n promedio de glucosa. Los diferentes pa&#xED;ses se encuentran tomando esta decisi&#xF3;n. La variabilidad entre los resultados de Hb A1c se ha reducido considerablemente. No todos los pa&#xED;ses informar&#xE1;n Hb A1c en las mismas unidades, pero se han establecido ecuaciones que permiten la conversi&#xF3;n entre diferentes unidades. Ahora se recomienda Hb A1c para el diagn&#xF3;stico de la diabetes, acentuando a&#xFA;n m&#xE1;s la necesidad de un ensayo de &#xF3;ptimo rendimiento. El NGSP proseguir&#xE1; sus esfuerzos para mejorar los tests de Hb A1c asegurando que se cumplan las necesidades cl&#xED;nicas.</subfield>
  </datafield>
  <datafield tag="650" ind1=" " ind2=" ">
    <subfield code="a">Hemoglobina A glucosilada</subfield>
    <subfield code="9">190674</subfield>
  </datafield>
  <datafield tag="650" ind1=" " ind2="7">
    <subfield code="a">Diabetes mellitus</subfield>
    <subfield code="2">dcs</subfield>
    <subfield code="9">21095</subfield>
  </datafield>
  <datafield tag="700" ind1="1" ind2="0">
    <subfield code="a">Rohlfing, Curt L.</subfield>
    <subfield code="4">aut</subfield>
    <subfield code="e">aut</subfield>
    <subfield code="9">632743</subfield>
  </datafield>
  <datafield tag="700" ind1="1" ind2="0">
    <subfield code="a">Sacks, David B.</subfield>
    <subfield code="4">aut</subfield>
    <subfield code="e">aut</subfield>
    <subfield code="9">632744</subfield>
  </datafield>
  <datafield tag="773" ind1="0" ind2=" ">
    <subfield code="t">Acta Bioqu&#xED;mica Cl&#xED;nica Latinoamericana (Buenos Aires)</subfield>
    <subfield code="g">Volumen 45, N&#xFA;mero 02, Junio 2011, 349-361</subfield>
    <subfield code="w">(CO-MdUADB)6294</subfield>
    <subfield code="x">0325-2957</subfield>
    <subfield code="0">2938</subfield>
    <subfield code="9">576365</subfield>
    <subfield code="o">0758954</subfield>
  </datafield>
  <datafield tag="942" ind1=" " ind2=" ">
    <subfield code="c">ARIMP</subfield>
  </datafield>
  <datafield tag="999" ind1=" " ind2=" ">
    <subfield code="c">609947</subfield>
    <subfield code="d">609947</subfield>
  </datafield>
</record>
